[Event "TIPC 2012"]
[Site "Charleroi"]
[Date "2012.08.02"]
[Round "7.8"]
[White "Lacroix, Bruno"]
[Black "Baguet, Frédéric"]
[Result "1-0"]
[LiveChessVersion "1.4-u16"]
[BlackElo "2037"]
[WhiteElo "2183"]

1. e4  d5  2. exd5  Qxd5
 3. Nf3  Nf6  4. d4
 Bf5  5. Bd3  Bxd3
 6. Qxd3  Qe4+  7. Qxe4
 Nxe4  8. O-O  Nd7
 9. Re1  Ndf6  10. Nbd2
 Nxd2  11. Bxd2  e6
 12. c4  c6  13. Bf4
 Bb4  14. Re3  O-O-O
 15. a3 Bd6  16. Bxd6  Rxd6
 17. h3  Rf8  18. a4
 Nd7  19. b4  h6 
20. a5  a6  21. Rb1  Re8
 22. b5  cxb5  23. cxb5
 Rd5  24. bxa6  Rxa5
 25. axb7+  Kb8  26. Reb3
 f6  27. Rb4  Ra7
 28. Rb5  Re7  29. d5
 e5  30. Nh4  Nf8
 31. Nf5  Rexb7  32. Rxb7+ Rxb7
33. Rxb7+  Kxb7  34. Nxg7  Kc8
 35. Nf5  h5 36. Ng7 h4  37. Ne8
 Nh7  38. Nd6+  Kd7
 39. Nf5  Ng5  40. Nxh4
 Kd6  41. Nf5+  Kxd5
 42. h4  Nh7  43. f3
 Ke6  44. g4  Kf7
 45. Kf2  Ke6  46. Ke3
 Nf8  47. Ke4  Nh7
 48. Ng7+  Kf7  49. Nh5
 Ke6  50. f4  exf4
 51. Nxf4+  Kf7  52. Kf5
 Nf8  53. h5  Nh7 54. Ne6 1-0

[Event "TIPC 2012"]
[Site "Charleroi"]
[Date "2012.08.02"]
[Round "7.10"]
[White "Mastalerz, Xavier"]
[Black "Degembe, Pierre"]
[Result "0-1"]
[LiveChessVersion "1.4-u16"]
[BlackElo "1991"]
[WhiteElo "2144"]

1. Nf3  Nf6  2. d4  g6
 3. c4  Bg7  4. Nc3
 O-O  5. e4  d6 
6. Be2  Nbd7  7. O-O  e5
 8. Re1  Re8  9. d5
 Nc5  10. Qc2  a5
 11. b3  Rf8  12. Nd2
 Ng4  13. Bxg4  Bxg4
 14. Bb2  f5  15. f3
 Bh5  16. a3  Bh6
 17. Nf1  Qg5  18. Kh1
 fxe4  19. Bc1  Qh4
 20. Bxh6  exf3  21. Bxf8
 Rxf8  22. Re3  fxg2+
 23. Kxg2  Nxb3  24. Rb1
 Nd4  25. Qd2  Nf3
 26. Qf2  Qxc4  27. Qg3
 Nh4+  28. Kg1  Nf5
 29. Re4  Qc5+  30. Qf2
 Qxc3  31. Rxb7  Qd3
 32. Nd2  Qxd5  33. Rxc7
 Nd4  34. Qe3  Qa2
 35. Qh6  Nf3+  36. Nxf3
 Qb1+  37. Ne1  Qb6+
 38. Kg2  Qxc7  39. Qe3
 Qf7  40. h3  Qf1+
 41. Kg3  Rf4  42. Qb3+
 Kg7  43. Qe3  Rxe4
 44. Qxe4  Qg1+  45. Ng2
 Qc5  46. Qb7+  Kh6
 47. Qe7  Qxa3+  48. Kh2
 Qf3  49. Qxd6  a4
 50. Qd2+  g5  51. Qd6+
 Bg6  52. Qxe5  a3
 53. Qe6  Kh5  54. Qe7
 a2  55. h4  Qg4 
56. Qe5  Bf7  57. Qg7  Qf5
 58. hxg5  Qf3  59. Qxh7+
 Kxg5  60. Qg7+  Bg6
 61. Qe5+  Qf5 62. Qe3+  Kf6
 63. Qb6+  Qe6  64. Qf2+
 Kg7  65. Qb2+  Kh7
 66. Nf4  Qa6  67. Qa1
 Bf7  68. Kg3  Qa3+
 69. Kg4  Qb4  70. Kg5
 Qb1  71. Qf6  Qg1+
 72. Kf5  a1=Q  73. Qxf7+
 Qgg7  74. Qh5+  Kg8
 75. Qe8+  Qf8+  76. Qxf8+
 Kxf8  77. Ne6+  Ke7
 78. Nf4  Qf6+  79. Ke4
 Kd6  80. Nd3  Qh4+
 81. Ke3  Kd5  82. Nf4+
 Kc4  83. Ne2  Qe4+
 84. Kd2  Qg2  85. Kd1
 Qf2  86. Nc1  Kd3
 87. Nb3 Ke3 0-1

[Event "TIPC 2012"]
[Site "Charleroi"]
[Date "2012.08.02"]
[Round "7.11"]
[White "Lafosse, Jimmy"]
[Black "De Strycker, Nathan"]
[Result "0-1"]
[LiveChessVersion "1.4-u16"]
[BlackElo "1884"]
[WhiteElo "2136"]

1. d4 Nf6 2. Bg5 g6 3. Bxf6 exf6 4. e3 Bg7 5. g3 d6 6. Bg2 c6 7. c4 Qb6 8. Qd2
Be6 9. b3 f5 10. Nc3 O-O 11. Nge2 a5 12. O-O Bc8 13. Na4 Qc7 14. Rac1 Nd7 15.
Rfd1 Nf6 16. Nac3 Re8 17. Qc2 Bh6 18. h3 Qe7 19. Kh2 Bd7 20. a3 g5 21. Re1 Bg7
22. b4 axb4 23. axb4 h5 24. Ng1 h4 25. gxh4 gxh4 26. Nge2 Kh8 27. Qd1 Rg8 28. Nf4
Bh6 29. Qf3 Nh7 30. b5 f6 31. Qh5 Qg7 32. Bf3 Ng5 33. Bg2 Be8 34. Qe2 Nh7 35. Rg1
Bg5 36. Qd1 Qf7 {suite illisible 0-1 au 47ème coup} 0-1

[Event "TIPC 2012"]
[Site "Charleroi"]
[Date "2012.08.02"]
[Round "7.12"]
[White "Shchekachev, Andrei"]
[Black "Vingerhoets, Luc"]
[Result "1-0"]
[LiveChessVersion "1.4-u16"]
[BlackElo "2015"]
[WhiteElo "2528"]

1. Nf3 d6 2. d4 g6 3. c4 Bg7 4. Nc3 Bg4 5. e3 c5 6. Be2 Nc6 7. O-O Nf6 8. d5 Bxf3
9. Bxf3 Ne5 10. Be2 O-O 11. e4 Ne8 12. Bg5 h6 13. Be3 e6 14. Re1 exd5 15. exd5 f5
16. f4 Nf7 17. Qc2 h5 18. g3 Nf6 19. Bd2 Qd7 20. Bf3 Rae8 21. Kg2 Rxe1 22. Rxe1
Re8 23. Re6 Nd8 24. Rxe8+ Nxe8 25. Qa4 Qxa4 26. Nxa4 Bd4 27. Nc3 a6 28. b3 Nf6
29. h3 Kf7 30. Bd1 Ke7 31. Bc2 Nf7 32. a4 Kd7 33. a5 Ke7 34. Kf3 Nh6 35. Na4 Nd7
36. Bd1 Nf6 37. Be1 Kd8 38. Bc2 Ke7 39. Bd3 Nd7 40. Bc2 Kf6 41. Nc3 Ke7 42. Nd1
Nf6 43. Bd3 Nd7 44. Ne3 Nf6 45. Ke2 Nhg8 46. Kf3 Nh6 47. Nc2 Bb2 48. b4 Nd7 49.
Ne3 Bd4 50. bxc5 Nxc5 51. Bc2 Kf6 52. Bb4 Nf7 53. Ng2 Nh6 54. Nh4 Nf7 55. Be1 Nh6
56. Bd2 Kf7 57. Bb4 Kf6 58. Ke2 Kf7 59. Nf3 Bf6 60. Ke3 Bd8 61. Nd4 h4 62. gxh4
Bxh4 63. Nb3 Be7 64. Nxc5 dxc5 65. Bc3 Bf6 66. Be5 Bd8 67. Bd6 b6 68. Ba4 Ng8 69.
Bb5 axb5 1-0

[Event "TIPC 2012"]
[Site "Charleroi"]
[Date "2012.08.02"]
[Round "7.13"]
[White "Sarrau, Jelle"]
[Black "Réal, Thibault"]
[Result "1-0"]
[LiveChessVersion "1.4-u16"]
[BlackElo "2010"]
[WhiteElo "2306"]

1. d4 c5 2. d5 e6 3. c4 Nf6 4. Nc3 d6 5. Nf3 exd5 6. cxd5 g6 7. Bf4 a6 8. a4 Bg7
9. h3 O-O 10. e3 Qc7 11. Be2 Nbd7 12. O-O Re8 13. Nd2 Ne5 14. Bh2 b6 15. Kh1 Re7
16. f4 Ned7 17. e4 Ne8 18. Bf3 Rb8 19. Rc1 b5 20. axb5 axb5 21. b4 cxb4 22. Ne2
Qd8 23. Nb3 Bb7 24. Ned4 Rc8 25. Rxc8 Qxc8 26. Na5 Nb6 27. Nac6 Bxc6 28. Nxc6 Rd7
29. Bg4 Kf8 30. Bxd7 Qxd7 31. Nxb4 Nc4 32. Qd3 Nf6 33. e5 Ne8 34. Nc6 1-0

[Event "TIPC 2012"]
[Site "Charleroi"]
[Date "2012.08.02"]
[Round "7.14"]
[White "Gilles, Jean-Claude"]
[Black "Le Quang, Kim"]
[Result "0-1"]
[LiveChessVersion "1.4-u16"]
[BlackElo "2282"]
[WhiteElo "1975"]

1. e4 c5 2. Nf3 e6 3. d4 cxd4 4. Nxd4 Nc6 5. Nc3 Qc7 6. Be3 a6 7. Qd2 Nf6 8. f3
Ne5 9. Bd3 Bb4 10. Nde2 d5 11. Bg5 dxe4 12. Bxf6 gxf6 13. fxe4 Bd7 14. O-O-O
O-O-O 15. Qe3 Bc5 16. Qf4 Rhg8 17. g3 Ng4 18. Qxc7+ Kxc7 19. Rde1 Bc6 20. Nf4 f5
21. Re2 b5 22. a3 e5 23. Nfd5+ Bxd5 24. Nxd5+ Rxd5 25. exd5 e4 26. Bxe4 fxe4 27.
Rf1 e3 28. Rxf7+ Kd6 29. h3 Nf2 30. b4 Bd4 31. c3 Rc8 0-1

[Event "TIPC 2012"]
[Site "Charleroi"]
[Date "2012.08.02"]
[Round "7.15"]
[White "Maes, Wim"]
[Black "Vanhee, Freddy"]
[Result "1-0"]
[LiveChessVersion "1.4-u16"]
[BlackElo "1961"]
[WhiteElo "2268"]

1. e4 c5 2. Nf3 Nc6 3. d3 e5 4. c3 d5 5. Qa4 Qd6 6. Na3 Nf6 7. exd5 Nxd5 8. Nc4
Qd7 9. g3 Rb8 10. Qc2 b5 11. Ncd2 Be7 12. Bg2 O-O 13. O-O f5 14. Re1 Bf6 15. a4
a6 16. axb5 axb5 17. Nb3 Qd6 18. Na5 Nxa5 19. Rxa5 Qc7 20. Ra1 Bb7 21. Bg5 Bxg5
22. Nxg5 Rbe8 23. Ra7 Qb6 24. Rea1 c4 25. dxc4 bxc4 26. Qa4 Kh8 27. Qd7 Re7 28.
Qa4 g6 29. Bxd5 1-0

[Event "TIPC 2012"]
[Site "Charleroi"]
[Date "2012.08.02"]
[Round "7.16"]
[White "Truwant, Pieter"]
[Black "Van Mechelen, Jan"]
[Result "0-1"]
[LiveChessVersion "1.4-u16"]
[BlackElo "2247"]
[WhiteElo "1959"]

1. e4 e6 2. Qe2 c5 3. f4 Nc6 4. Nf3 Nge7 5. g3 d5 6. d3 g6 7. h4 h5 8. Bg2 Bg7 9.
c3 b6 10. O-O Ba6 11. exd5 Qxd5 12. Rd1 Rd8 13. Ne1 Qd7 14. Qe4 O-O 15. Na3 Na5
16. Qe2 Nf5 17. Kh2 Rfe8 18. Qf1 e5 19. fxe5 Bxe5 20. Bf4 Bxf4 21. Qxf4 Re2 22.
Rd2 Rde8 23. b4 Rxd2 24. Qxd2 cxb4 25. cxb4 Nc6 26. Nf3 Qd6 27. Qf4 Qxf4 28. gxf4
Nxb4 29. Nc4 Nxd3 30. Nfe5 Nxf4 0-1

[Event "TIPC 2012"]
[Site "Charleroi"]
[Date "2012.08.02"]
[Round "7.17"]
[White "Henris, Luc"]
[Black "De Reymaeker, Walter"]
[Result "1-0"]
[LiveChessVersion "1.4-u16"]
[BlackElo "1977"]
[WhiteElo "2192"]

1. e4 g6 2. d4 Bg7 3. Nc3 c5 4. dxc5 Bxc3+ 5. bxc3 Qa5 6. Nf3 Qxc3+ 7. Bd2 Qxc5
8. Rb1 Nf6 9. Bd3 d6 10. O-O O-O 11. Re1 Nbd7 12. h3 b6 13. e5 Nxe5 14. Nxe5 dxe5
15. Rb5 Qc7 16. Rbxe5 Be6 17. Qe2 Rad8 18. Bh6 Rfe8 19. Rxe6 fxe6 20. Qxe6+ Kh8
21. Qf7 Nh5 22. Bb5 Qc3 23. Re3 Qa1+ 24. Kh2 Rg8 25. Rxe7 Ng7 26. Rxa7 Qd4 27.
Bc4 Rgf8 28. Qc7 Rc8 29. Qd7 Qxd7 30. Rxd7 Nf5 31. Bc1 b5 32. Bb2+ Ng7 33. Bxg7#
1-0

[Event "TIPC 2012"]
[Site "Charleroi"]
[Date "2012.08.02"]
[Round "7.18"]
[White "Van Uytven, Eric"]
[Black "Timmermans, Daniel"]
[Result "1/2-1/2"]
[LiveChessVersion "1.4-u16"]
[BlackElo "1955"]
[WhiteElo "2151"]

1. d4 f5 2. Bf4 Nf6 3. e3 b6 4. Nf3 Bb7 5. Be2 e6 6. O-O Be7 7. c4 O-O 8. Nc3 d6
9. b4 Ne4 10. Nxe4 Bxe4 11. Nd2 Bb7 12. Bg3 g5 13. f4 h6 14. e4 Nd7 15. d5 e5 16.
fxe5 dxe5 17. exf5 Bxb4 18. Ne4 Bd6 19. Bd3 Nf6 20. Nxf6+ Qxf6 21. Be4 Rae8 22.
h3 Re7 23. Bf2 Ref7 24. Be3 Bc8 25. g4 Qe7 26. Qd3 Rf6 27. Kg2 Bc5 28. a3 a5 29.
Kf3 Ba6 30. Rfc1 Qd6 31. Bxc5 Qxc5 32. Qe3 Qe7 33. c5 Kg7 34. d6 cxd6 35. cxb6
R6f7 36. Rc7 Qd8 37. Qc3 Qb8 38. Bd5 Qxb6 39. Bxf7 Rxf7 40. Rc1 Bb7+ 41. Kg3 Bd5
42. Rxf7+ Bxf7 43. Qd2 Qb3+ 44. Rc3 Qb1 1/2-1/2

[Event "TIPC 2012"]
[Site "Charleroi"]
[Date "2012.08.03"]
[Round "8.1"]
[White "Kveinys, Aloyzas"]
[Black "Zubarev, Alexander"]
[Result "1/2-1/2"]
[LiveChessVersion "1.4-u16"]
[BlackElo "2596"]
[WhiteElo "2523"]

1. d4  Nf6  2. Nf3  e6
 3. c4  d5  4. Nc3
 Bb4  5. cxd5  exd5
 6. Bg5  h6  7. Bxf6
 Qxf6  8. e3  O-O
 9. Qb3  c5  10. dxc5
 Bxc3+  11. Qxc3  Qxc3+
 12. bxc3  1/2-1/2

[Event "TIPC 2012"]
[Site "Charleroi"]
[Date "2012.08.03"]
[Round "8.2"]
[White "Vandevoort, Pascal"]
[Black "Noiroux, Kevin"]
[Result "1-0"]
[LiveChessVersion "1.4-u16"]
[BlackElo "2154"]
[WhiteElo "2388"]

1. d4  d6  2. Nf3  Nf6
 3. c4  Nbd7  4. Nc3
 e5  5. e4  exd4 6. Nxd4
 g6  7. Be2  Bg7 
8. O-O  O-O  9. Be3  Re8
 10. f3  c6  11. Qd2
 d5  12. cxd5  cxd5
 13. Ndb5  Nb6  14. Bf4
 Re7  15. Rfd1  Be6
 16. Bg5  a6  17. Nd4
 Qd6  18. Kh1  Ree8
 19. Nxe6  Qxe6  20. exd5
 Nfxd5  21. Nxd5  Qxd5
 22. Qxd5  Nxd5  23. Rd2
 h6  24. Bh4  Rac8
 25. Bf2  Ne3  26. Rb1
 h5  27. g3  Nf5 
28. f4  Rcd8  29. Rbd1  Bf6
 30. Bf3  b5  31. Bb7
 Rxd2  32. Rxd2  a5 33. Bc6
 Rb8  34. Ba7  Rc8
 35. Bxb5  Rc7  36. Bf2
 Rb7  37. a4  Kg7
 38. Kg2  Rb8  39. Kf3
 Rc8  40. h3  Rc1
 41. g4  hxg4+  42. hxg4
 Nh4+  43. Ke4  g5
 44. f5  Rb1  45. Bb6
 Kg8  46. Bxa5  Bxb2
 47. Rd7  Rg1  48. Be2
 Ra1  49. Bd1  Ng2
 50. Bb4  Rb1  51. Bb3
 Bf6  52. Bxf7+  Kh8
 53. Bd2  Ra1  54. Bb3
 Nf4  55. a5  Ne2
 56. Bc4  Nc3+  57. Bxc3
 Bxc3  58. a6  Re1+
 59. Kd5  Ba5  60. a7
 Re8  61. Bb5  Bb6
 62. Bc6 1-0

[Event "TIPC 2012"]
[Site "Charleroi"]
[Date "2012.08.03"]
[Round "8.3"]
[White "Degembe, Pierre"]
[Black "Ringoir, Tanguy"]
[Result "0-1"]
[LiveChessVersion "1.4-u16"]
[BlackElo "2427"]
[WhiteElo "1991"]

1. c4  f5  2. g3  Nf6
 3. Bg2  g6  4. Nc3
 Bg7  5. d3  O-O 
6. e3  e5  7. Nge2  d6
 8. O-O  c6  9. Qb3
 Na6  10. d4  e4 
11. Rd1  g5  12. f4  exf3
 13. Bxf3  Qc7  14. e4
 fxe4  15. Nxe4  Nxe4
 16. Bxe4  Bg4  17. Re1
 Rae8  18. Qd3  Qf7
 19. Be3  Nb4  20. Qb1
 Rxe4  21. Qxe4  Bf3
 22. Qb1  Qe6  23. Bf2
 Qh3  0-1

[Event "TIPC 2012"]
[Site "Charleroi"]
[Date "2012.08.03"]
[Round "8.4"]
[White "De Strycker, Nathan"]
[Black "Wiley, Tom"]
[Result "1/2-1/2"]
[LiveChessVersion "1.4-u16"]
[BlackElo "2283"]
[WhiteElo "1884"]

1. d4  Nf6  2. c4  e6
 3. Nc3  Bb4  4. Bd2
 b6  5. e3  Bb7 
6. f3  O-O  7. Bd3  c5
 8. a3  Bxc3  9. bxc3
 Nc6  10. Nh3  Ba6
 11. Qe2  d6  12. O-O
 Qd7  13. f4  cxd4
 14. cxd4  d5  15. Nf2
 dxc4  16. Bxc4  Bxc4
 17. Qxc4  Rac8  18. Rac1
 Rfd8  19. Qd3  Ne8
 20. Rfd1  f5  21. Qb3
 Nf6  22. Nd3  Nd5
 23. Re1  g6  24. Qa4
 Nf6  25. Rc2  Ne7
 26. Qxd7  Nxd7  27. Rec1
 Rxc2  28. Rxc2  Rc8
 29. Rxc8+  Nxc8  30. Bb4
 a5  31. Bd2  Nd6
 32. Kf2  Nc4  33. Bc1
 b5  34. Ke2  Ndb6
 35. Nc5  Kf7  36. Kd3
 Ke7  37. e4  fxe4+
 38. Nxe4  Nd6  39. Nc5
 Nbc4  40. g4  Kf6
 41. Nd7+  Ke7  42. Nc5
 Nb6  43. Bd2  a4
 44. Ne4  Nxe4  45. Kxe4
 Nd5  46. f5  gxf5+
 47. gxf5  b4  48. axb4
 a3  49. Bc1  a2 
50. Bb2  Nxb4  51. Bc3  Nd5
 52. Ba1  Kd6  53. fxe6
 Kxe6  54. Kd3  Kf5
 55. Kc4  Ke4  56. Kb3
 Ne3  57. Kxa2  Nc2
 58. Bb2  Nxd4  59. Bxd4
 Kxd4  60. Kb2  Ke3
 61. Kc2  h5  62. Kd1
 Kf2  63. Kd2  h4
 64. Kd1  Kg2  65. Ke2
 Kxh2  66. Kf2  Kh3 1/2-1/2

[Event "TIPC 2012"]
[Site "Charleroi"]
[Date "2012.08.03"]
[Round "8.5"]
[White "Sclacmender, Julien"]
[Black "Schuermans, Robert"]
[Result "0-1"]
[LiveChessVersion "1.4-u16"]
[BlackElo "2202"]
[WhiteElo "2223"]

1. e4  e5  2. Nf3  Nc6
 3. d4  exd4  4. Nxd4
 Nf6  5. Nxc6  bxc6
 6. e5  Qe7  7. Qe2
 Nd5  8. c4  Ba6 
9. b3  O-O-O  10. g3  Re8
 11. Bb2  f6  12. Bh3
 fxe5  13. Qd2  Nf6
 14. O-O  Kb8  15. Re1
 e4  16. Nc3  Qf7
 17. Rad1  Qh5  18. Bg2
 Ng4  19. Nxe4  Qxh2+
 20. Kf1  d5  21. Qa5
 dxe4  22. Qxa6  Bc5
 23. Qxc6  Rhf8  24. Qb5+
 Bb6  25. Re2  Nxf2
 26. Bxg7  Nd3+  0-1

[Event "TIPC 2012"]
[Site "Charleroi"]
[Date "2012.08.03"]
[Round "8.6"]
[White "Rooze, Jan"]
[Black "Lacroix, Bruno"]
[Result "1-0"]
[LiveChessVersion "1.4-u16"]
[BlackElo "2183"]
[WhiteElo "2294"]

1. e4  c5  2. Nf3  Nc6
 3. Bb5  d6  4. Bxc6+ bxc6
 5. O-O  Bg4  6. h3
 Bh5  7. c3  Nf6 
8. Re1  e6  9. d3  Be7
 10. Nbd2  Nd7  11. Nf1
 O-O  12. Ng3  Bg6
 13. Bf4  Re8  14. Re2
 f6  15. d4  Bf8 
16. Qa4  Qb6  17. Rae1  cxd4
 18. cxd4  Qb5  19. Qd1
 d5  20. e5  f5 
21. h4  h6  22. Qc1  c5
 23. Rc2  Rac8  24. Re3
 cxd4  25. Nxd4  Rxc2
 26. Qxc2  Qc5  27. Qd2
 Nb6  28. b3  Bf7
 29. Rc3  Qa5  30. Qc2
 Qa6  31. Nge2  Rc8
 32. Nc6  Nc4  33. Ned4
 Na3  34. Qc1  Re8
 35. Bd2  Nb5  36. Qf1
 Nc7  37. Qxa6  Nxa6
 38. Nxa7 Nc5  39. Rc2  Ne4
 40. Be1  g5  41. hxg5
 hxg5  42. b4  f4
 43. f3  Ng3  44. b5
 Bg7  45. Nac6  Nf5
 46. Nxf5  exf5  47. b6
 Bxe5  48. Nxe5  Rxe5
 49. Rc8+  Kh7  50. b7
 1-0

[Event "TIPC 2012"]
[Site "Charleroi"]
[Date "2012.08.03"]
[Round "8.7"]
[White "Barbier, Wim"]
[Black "Shchekachev, Andrei"]
[Result "0-1"]
[LiveChessVersion "1.4-u16"]
[BlackElo "2528"]
[WhiteElo "2148"]

1. c4 e5 2. g3 Nf6 3. Bg2  h6  4. a3
 c6  5. d4  exd4 
6. Qxd4  d5  7. Nf3  Be6
 8. cxd5  cxd5  9. O-O
 Nc6  10. Qa4  Bc5
 11. Ne5  Rc8  12. Nc3
 O-O  13. Nd3  Bd4
 14. Nb5  Bb6  15. Bf4
 g5  16. Bd2  d4 
17. Bb4 Nxb4  18. axb4  Bd7  19.
Bxb7  Rb8  20. Ba6  Qe8
 21. Rac1  Qxe2  22. Qd1
 Bg4  23. f3  Qxd1
 24. Rcxd1  Be6  25. Rc1
 Nd5  26. Rfe1  Bf5
 27. Nd6  Bxd3  28. Bxd3
 Nxb4  29. Rcd1  Rfd8
 30. Nf5  Nxd3  31. Rxd3
 Kh7  32. Re7  Kg6
 33. g4  Rbc8  34. Re2
 Rc7  35. Kg2  h5
 36. h4  hxg4  37. fxg4
 gxh4  38. Nxh4+  Kg5
 39. Re5+  Kxh4  40. Rg3
 Rc5 0-1

[Event "TIPC 2012"]
[Site "Charleroi"]
[Date "2012.08.03"]
[Round "8.8"]
[White "De Villers, Mourad"]
[Black "Sarrau, Jelle"]
[Result "0-1"]
[LiveChessVersion "1.4-u16"]
[BlackElo "2306"]
[WhiteElo "2137"]

1. c4  Nf6  2. g3  c6
 3. Nf3  d5  4. Bg2
 dxc4  5. O-O  Nbd7
 6. Qc2  Nb6  7. Na3
 Be6  8. Ng5  Bg4
 9. Nxc4  Bxe2  10. Ne5
 Bh5  11. d4  e6 
12. Ngf3  Be7  13. Bd2  O-O
 14. b4  Nbd7  15. Qb2
 Nxe5  16. Nxe5  Nd5
 17. Rfe1  Rc8  18. Rac1
 Bd6  19. Nc4  Be7
 20. Ne5  Re8  21. b5
 c5  22. a4  cxd4
 23. g4  Bg6  24. Nxg6
 hxg6  25. Rxc8  Qxc8
 26. Bxd5  exd5  27. Qxd4
 Qd7  28. g5  Rc8
 29. Bc3  Bf8  30. Rd1
 Qf5  31. Qe3 Qg4+ 0-1

[Event "TIPC 2012"]
[Site "Charleroi"]
[Date "2012.08.03"]
[Round "8.9"]
[White "Le Quang, Kim"]
[Black "Van Melkebeke, Willem"]
[Result "1-0"]
[LiveChessVersion "1.4-u16"]
[BlackElo "1940"]
[WhiteElo "2282"]

1. c4  Nf6  2. g3  c6
 3. Bg2  d5  4. Nf3
 dxc4  5. O-O  Nbd7
 6. Na3  Nb6  7. Qc2
 Be6  8. Ng5  Bg4
 9. f3  Bh5  10. Nxc4
 e5  11. Kh1  Nxc4
 12. Qxc4  Be7  13. f4
 Nd5  14. Nf3  exf4
 15. gxf4  Nb6  16. Qc2
 Qd6  17. d3  Nd5
 18. Qd2  O-O-O  19. a3
 Bxf3  20. Rxf3  f6
 21. Qa5  Qc5  22. Qa4
 Kb8  23. e4  Nb6
 24. Qb3  Qa5  25. Qc2
 Qc5  26. Qe2  Rhe8
 27. Be3  Qb5  28. Bf1
 Na4  29. b4  g5 
30. fxg5  fxg5  31. Rf5  c5
 32. Qc2  Qc6  33. bxc5
 Bf6  34. Rb1  Re5
 35. Bg2  b5  36. Qxa4
 Rxd3  37. Qxb5+  Qxb5
 38. Rxb5+  Kc7  39. Rxf6
 Rxe3  40. Rb1  g4
 41. Rf7+  Kc6  42. Rxa7
 Kxc5  43. Rc7+  Kd4
 44. Rd1+  Rd3  45. Rxd3+
 Kxd3  46. Rd7+  Ke2
 47. Rxh7  Rc5  48. Rf7
 Ra5  49. Rf5  Rxa3
 50. e5  Re3  51. Bd5
 Kd3  52. Kg2  Kd4
 53. e6 1-0

[Event "TIPC 2012"]
[Site "Charleroi"]
[Date "2012.08.03"]
[Round "8.10"]
[White "Apemiye, Austin"]
[Black "Maes, Wim"]
[Result "0-1"]
[LiveChessVersion "1.4-u16"]
[BlackElo "2268"]
[WhiteElo "2069"]

1. d4  Nf6  2. c4  g6
 3. Nc3  Bg7  4. g3
 O-O  5. Bg2  d6 
6. e3  Nbd7  7. Nge2  e5
 8. O-O  Re8  9. h3
 Qe7  10. Nb5  Qd8
 11. Nbc3  h5  12. b3
 e4  13. Qc2  Qe7
 14. Nb5  Nf8  15. c5
 d5  16. c6  b6 
17. Ba3  Qd8  18. Rfc1  Ne6
 19. Kh2  Ng5  20. Ng1
 Bf5  21. Qd1  Re6
 22. f4  exf3  23. Nxf3
 Nxf3+  24. Qxf3  Bh6
 25. Re1  Be4  26. Qf2
 Bxg2  27. Kxg2  Ne4
 28. Qc2  a6  29. Nc3
 Rxc6  30. Bb2  Qg5
 31. Kh1  Qxg3  32. Qg2
 Nf2+  33. Kg1  Nxh3+
 34. Kh1  Qh4  35. Re2
 Re8  36. Qxd5  Nf4+
 37. Rh2  Qxh2+  38. Kxh2
 Nxd5  39. Nxd5  Rc2+
 40. Kg3  Rxb2  41. Nf6+
 Kf8  42. Nxe8  Kxe8
 0-1

[Event "TIPC 2012"]
[Site "Charleroi"]
[Date "2012.08.04"]
[Round "9.2"]
[White "Ringoir, Tanguy"]
[Black "Schuermans, Robert"]
[Result "1-0"]
[WhiteElo "2427"]
[BlackElo "2202"]

1. d4 d5 2. c4 Nc6 3. Nf3 Bg4 4. Nc3 Bxf3 5. exf3 e6 6. cxd5 exd5 7. Bb5 Bb4 8.
Bxc6+ bxc6 9. Qa4 Bxc3+ 10. bxc3 Qf6 11. O-O Ne7 12. Ba3 Nc8 13. c4 Nb6 14. Qa6
Kd7 15. cxd5 Nxd5 16. Rac1 Rhe8 17. Rc5 Re6 18. Qb7 Rae8 19. Rxd5+ cxd5 20.
Qxd5+ Kc8 21. Qa8+ Kd7 22. Qd5+ Kc8 23. Bb4 Rc6 24. Qb5 a6 25. Qa4 Re2 26. d5
Rcc2 27. d6 cxd6 28. Qxa6+ Kd7 29. Rd1 Ke8 30. Qb5+ Ke7 31. h3 Qe5 32. Qxe5+
Rxe5 33. Bxd6+ Ke6 34. Bxe5 Kxe5 35. Ra1 Rc5 36. a4 Ra5 37. Kf1 f5 38. Ke2 Kd4
39. f4 Kc3 40. g3 h5 41. h4 g6 42. Rc1+ Kd4 43. Rc6 Rxa4 44. Rd6+ 1-0

[Event "TIPC 2012"]
[Site "Charleroi"]
[Date "2012.08.04"]
[Round "9.3"]
[White "Shchekachev, Andrei"]
[Black "Zubarev, Alexander"]
[Result "0-1"]
[WhiteElo "2528"]
[BlackElo "2596"]

1. d4 Nf6 2. c4 e6 3. Nc3 Bb4 4. e3 O-O 5. Bd3 c5 6. Nge2 d5 7. cxd5 cxd4 8.
exd4 Nxd5 9. O-O Nc6 10. a3 Nxc3 11. bxc3 Be7 12. Bc2 b6 13. Qd3 g6 14. Bh6 Re8
15. Rfe1 Bb7 16. Ng3 Qd5 17. f3 Rac8 18. Ne4 Na5 19. Qe3 f5 20. Ng3 Bf6 21. Kh1
Qc6 22. Ne2 e5 23. dxe5 Rxe5 24. Qf2 Qc5 25. Qg3 Rce8 26. Bd3 Qe7 0-1

[Event "TIPC 2012"]
[Site "Charleroi"]
[Date "2012.08.04"]
[Round "9.4"]
[White "Sarrau, Jelle"]
[Black "Porteman, Eric"]
[Result "1-0"]
[WhiteElo "2306"]
[BlackElo "1948"]

1. d4 Nf6 2. c4 c5 3. d5 e6 4. Nc3 exd5 5. cxd5 d6 6. Nf3 g6 7. Bf4 Bg7 8. Qa4+
Bd7 9. Qb3 Qc7 10. e4 O-O 11. Be2 a6 12. Nd2 b5 13. a4 b4 14. Nd1 Re8 15. Qc2
Bc8 16. Ne3 Bb7 17. O-O Nbd7 18. Rfe1 Rac8 19. Nec4 Bf8 20. a5 Rcd8 21. Bg3 Ne5
22. Nxe5 dxe5 23. Nc4 Bd6 24. Bh4 Kg7 25. Rac1 Rc8 26. Qd3 Nd7 27. Bg4 Rb8 28.
Qe3 Bf8 29. Red1 Nf6 30. Be2 Bd6 31. Rd2 Nd7 32. Bg4 Nf6 33. Bd1 Nd7 34. Ba4
Ba8 35. Qh3 Rb5 36. Bg5 f6 37. Be3 Rc8 38. Qe6 Bf8 39. Qxa6 Rbb8 40. Qe6 Rd8
41. b3 Rb7 42. f3 Ra7 43. Rdc2 Bb7 44. Nb6 Bc8 45. Nxc8 Rxc8 46. Bxd7 Qxd7 47.
Qxd7+ Rxd7 48. Bxc5 1-0

[Event "TIPC 2012"]
[Site "Charleroi"]
[Date "2012.08.04"]
[Round "9.5"]
[White "Bomans, Arno"]
[Black "Rooze, Jan"]
[Result "1/2-1/2"]
[WhiteElo "2245"]
[BlackElo "2283"]

1. d4 Nf6 2. c4 c5 3. d5 e5 4. Nc3 d6 5. e4 Be7 6. g3 Na6 7. Bg2 Nc7 8. a4 Na6
9. Nf3 Nb4 10. O-O h5 11. h3 g6 12. Ne1 h4 13. g4 Nd7 14. Nd3 a6 15. b3 Bg5 16.
Ba3 Nxd3 17. Qxd3 b6 18. Bb2 O-O 19. Ne2 Ra7 20. Qc3 f6 21. Kh1 Qe7 22. Rae1
Rb7 23. Qc2 Kh7 24. f4 exf4 25. Nxf4 Ne5 26. Nd3 Qe8 27. Re2 Rbf7 28. Ref2 Kg7
29. Bc1 Nxd3 30. Qxd3 Bxc1 31. Rxc1 Qe5 32. Qc3 Qxc3 33. Rxc3 Kh6 34. Re3 Kg5
35. Bf1 Kh6 36. Kg2 Re7 37. Bd3 Kg7 38. Ref3 Bd7 39. Rf4 g5 40. R4f3 Be8 41.
Re3 Bg6 42. Kf3 Rfe8 43. Rfe2 Re5 44. Re1 R8e7 45. R3e2 Rb7 46. Ra1 Re8 47. Rf1
Rbe7 48. Rfe1 Rb8 49. Ra1 Be8 50. Rea2 Reb7 51. Ke3 Bd7 52. Bf1 Kf7 53. Bd3 Ke7
54. Rf1 Rf8 55. Raf2 Rbb8 56. Ra1 Rf7 57. Raf1 Be8 58. Ra1 1/2-1/2

[Event "TIPC 2012"]
[Site "Charleroi"]
[Date "2012.08.04"]
[Round "9.6"]
[White "Boucquet, Emile"]
[Black "Wiley, Tom"]
[Result "0-1"]
[WhiteElo "1933"]
[BlackElo "2283"]

1. e4 e6 2. d4 d5 3. Nd2 Nc6 4. Ngf3 Nf6 5. e5 Nd7 6. c3 f6 7. exf6 Qxf6 8. Be2
Bd6 9. O-O O-O 10. Nb3 h6 11. Be3 Kh8 12. Nc1 b6 13. Nd3 Bb7 14. Re1 Rad8 15.
Qd2 Na5 16. b3 c5 17. Nde5 Nc6 18. Ba6 Ba8 19. Ng4 Qg6 20. h3 e5 21. dxe5 Ndxe5
22. Nfxe5 Nxe5 23. Nxe5 Bxe5 24. Bxc5 bxc5 25. Qd1 0-1